LEADER 01556nam0 22003853i 450 001 VAN00303327 005 20260316100200.57 010 $a978-33-19-77494-7 017 70$2N$a9783319774954 100 $a20260316d2018 |0itac50 ba 101 $aeng 102 $aCH 105 $a|||| ||||| 181 $ai$b e 182 $ab 183 $acr 200 1 $aAcute Neuronal Injury$eThe Role of Excitotoxic Programmed Cell Death Mechanisms$fDenson G. Fujikawa editor 210 $aCham$cSpringer$d2018 215 $aXII, 215 p.$cill.$d24 cm 620 $aCH$dCham$3VANL001889 676 $a194$cPsichiatria$v21 676 $a571.6$cBiologia cellulare$v22 676 $a616.8$cNeurologia$v22 702 1$aFujikawa$bDenson G.$3VANV258591 712 $aSpringer $3VANV108073$4650 790 1$aFujikawa, D. G.$zFujikawa, Denson G.$3VANV258594 790 1$aFujikawa, D.G.$zFujikawa, Denson G.$3VANV258595 801 $aIT$bSOL$c20260320$gRICA 856 4 $uhttps://doi.org/10.1007/978-3-319-77495-4$zE-book - Accesso al full-text attraverso riconoscimento IP di Ateneo, proxy e/o Shibboleth 899 $aBIBLIOTECA DEL DIPARTIMENTO DI SCIENZE E TECNOLOGIE AMBIENTALI BIOLOGICHE E FARMACEUTICHE$1IT-CE0101$2VAN17 912 $fN 912 $aVAN00303327 950 $aBIBLIOTECA DEL DIPARTIMENTO DI SCIENZE E TECNOLOGIE AMBIENTALI BIOLOGICHE E FARMACEUTICHE$d17CONS e-book 2406 $e17BIB2406/229 229 20260316 996 $aAcute Neuronal Injury$92522653 997 $aUNICAMPANIA